[Event "Ile et Vilaine op"]
[Site "Rennes"]
[Date "2017.07.09"]
[Round "2"]
[White "Cotonnec, Melkior"]
[Black "Mocquard, Yves"]
[Result "1-0"]
[WhiteElo "2320"]
[BlackElo "1923"]
[PlyCount "103"]
[EventDate "2017.07.08"]
[EventType "swiss"]
[EventRounds "9"]
[EventCountry "FRA"]
[SourceTitle "EXT 2019"]
[Source "ChessBase"]
[SourceDate "2018.10.10"]
[SourceVersion "1"]
[SourceVersionDate "2018.10.10"]
[SourceQuality "1"]

1. b3 e5 2. Bb2 Nc6 3. e3 Nf6 4. Bb5 d6 5. Ne2 a6 6. Bxc6+ bxc6 7. 0-0 Be7 8. d3 0-0 9. Nd2 Re8 10. e4 Nd7 11. f4 exf4 12. Nxf4 Ne5 13. Kh1 Rb8 14. h3 Bg5 15. Ne2 Be3 16. Nf3 Ng6 17. Ned4 Bd7 18. Nf5 Bxf5 19. exf5 Nf4 20. Nh2 Qh4 21. Qg4 Qxg4 22. Nxg4 Nh5 23. Rf3 Bf4 24. Nf2 Ng3+ 25. Kh2 Nf1+ 26. Kg1 Ng3 27. Ne4 Nxe4 28. Rxf4 Nf6 29. Kf2 Kf8 30. Rh4 Rb5 31. Rf4 Nd5 32. Rf3 Nf6 33. Re1 Rxe1 34. Kxe1 Nd7 35. Kd2 Ke7 36. Bxg7 f6 37. Re3+ Kf7 38. g4 Nb6 39. Bh6 Ra5 40. a4 Nd5 41. Re1 Ne7 42. Bf4 Nd5 43. Bg3 Ne7 44. Bf4 Nd5 45. Bh2 Ne7 46. Bg3 Nd5 47. c4 Ne7 48. Rxe7+ Kxe7 49. d4 Kd7 50. Kd3 c5 51. d5 Ke7 52. Be1 1-0

[Event "Sautron op 15th"]
[Site "Sautron"]
[Date "2015.10.28"]
[Round "6"]
[White "Noulet, Jeremy"]
[Black "Mocquard, Yves"]
[Result "1-0"]
[WhiteElo "1969"]
[BlackElo "1888"]
[PlyCount "67"]
[EventDate "2015.10.24"]
[EventType "swiss"]
[EventRounds "9"]
[EventCountry "FRA"]
[SourceTitle "EXT 2019"]
[Source "ChessBase"]
[SourceDate "2018.10.10"]
[SourceVersion "1"]
[SourceVersionDate "2018.10.10"]
[SourceQuality "1"]

1. d4 d5 2. c4 c6 3. Nc3 Nf6 4. Bg5 Ne4 5. Nxe4 dxe4 6. Qd2 h6 7. Bh4 g5 8. Bg3 Bg7 9. e3 c5 10. Ne2 f5 11. d5 Nd7 12. Nc3 Ne5 13. Be2 0-0 14. f4 exf3 15. gxf3 b6 16. 0-0-0 b5 17. cxb5 a6 18. d6 e6 19. d7 Bb7 20. Qd6 f4 21. Qxe6+ Kh8 22. exf4 Nxf3 23. Bd3 Rf6 24. Qg4 Rd6 25. Qf5 Qg8 26. fxg5 Nd4 27. Qh3 Bxh1 28. Bxd6 Bf3 29. Rf1 c4 30. Be5 h5 31. Bxg7+ Qxg7 32. Rxf3 Nxf3 33. Qxh5+ Kg8 34. Bxc4+ 1-0

[Event "Rennes op 5th"]
[Site "Rennes"]
[Date "2012.07.11"]
[Round "8"]
[White "Mocquard, Yves"]
[Black "Otmani, Kamel"]
[Result "1/2-1/2"]
[WhiteElo "1878"]
[BlackElo "2090"]
[PlyCount "81"]
[EventDate "2012.07.07"]
[EventType "swiss"]
[EventRounds "9"]
[EventCountry "FRA"]
[SourceTitle "CBM 149 Extra"]
[Source "ChessBase"]
[SourceDate "2012.08.24"]
[SourceVersion "1"]
[SourceVersionDate "2012.08.24"]
[SourceQuality "1"]

1. d4 Nf6 2. c4 g6 3. Nc3 Bg7 4. e4 d6 5. f3 0-0 6. Bg5 c5 7. d5 h6 8. Be3 e6 9. Qd2 exd5 10. cxd5 a6 11. a4 Re8 12. Be2 h5 13. a5 Nh7 14. Bh6 Bd4 15. f4 f5 16. Nf3 Qf6 17. e5 dxe5 18. fxe5 Bxe5 19. Nxe5 Qxe5 20. Bf4 Qd4 21. 0-0-0 Qxd2+ 22. Rxd2 Nd7 23. d6 Nhf6 24. Bc4+ Kg7 25. Rhd1 b6 26. axb6 Nxb6 27. Be2 Bd7 28. Bf3 Ne4 29. Nxe4 fxe4 30. Be2 Rf8 31. Be3 Ba4 32. Rf1 Rxf1+ 33. Bxf1 Nd7 34. Rf2 Bb5 35. g3 Bxf1 36. Rxf1 Rf8 37. Rd1 Rf3 38. Kd2 Rf5 39. Ke2 Kf7 40. Ra1 Ke6 41. Rxa6 1/2-1/2

[Event "Rennes op 5th"]
[Site "Rennes"]
[Date "2012.07.09"]
[Round "5"]
[White "Jouneau, Quentin"]
[Black "Mocquard, Yves"]
[Result "1-0"]
[WhiteElo "2026"]
[BlackElo "1878"]
[PlyCount "109"]
[EventDate "2012.07.07"]
[EventType "swiss"]
[EventRounds "9"]
[EventCountry "FRA"]
[SourceTitle "CBM 149 Extra"]
[Source "ChessBase"]
[SourceDate "2012.08.24"]
[SourceVersion "1"]
[SourceVersionDate "2012.08.24"]
[SourceQuality "1"]

1. e4 e5 2. Nf3 Nc6 3. d4 exd4 4. c3 d5 5. exd5 Qxd5 6. cxd4 Bg4 7. Be2 Bb4+ 8. Nc3 Bxf3 9. Bxf3 Qc4 10. Bxc6+ bxc6 11. Qe2+ Qxe2+ 12. Kxe2 Ne7 13. Re1 0-0-0 14. Be3 Nf5 15. Red1 Rhe8 16. Kf3 Rd7 17. g4 Nh4+ 18. Kg3 Ng6 19. Rac1 Kb7 20. Kg2 Nf8 21. d5 cxd5 22. Nxd5 Red8 23. Nc3 Ne6 24. Rxd7 Rxd7 25. Ne4 Ba5 26. f4 Rd3 27. Kf3 Bb6 28. Rc3 Nd4+ 29. Kf2 Rd1 30. Nc5+ Kc8 31. Na4 Ba5 32. Rc4 Ne6 33. f5 Nd8 34. Bxa7 Rd2+ 35. Kg3 c6 36. Be3 Re2 37. Bf4 Bc7 38. Kf3 Re1 39. Bxc7 Kxc7 40. Re4 Rh1 41. Re2 Rc1 42. b4 Rc4 43. a3 h5 44. h3 hxg4+ 45. hxg4 Rc1 46. Nc5 g6 47. Re7+ Kc8 48. Na6 Ne6 49. fxe6 Rc3+ 50. Ke4 fxe6 51. a4 Rc4+ 52. Ke5 Rxg4 53. Kd6 Re4 54. Re8+ Kb7 55. Nc5+ 1-0

[Event "Ille et Vilaine-ch 1112"]
[Site "Ile et Vilaine"]
[Date "2011.11.05"]
[Round "2.7"]
[White "Mocquard, Yves"]
[Black "Le Cabellec, Loic"]
[Result "1-0"]
[WhiteElo "2030"]
[BlackElo "1757"]
[PlyCount "69"]
[EventDate "2012.10.??"]
[EventType "swiss"]
[EventRounds "7"]
[EventCountry "FRA"]
[SourceTitle "EXT 2014"]
[Source "ChessBase"]
[SourceDate "2013.11.20"]
[SourceVersion "1"]
[SourceVersionDate "2013.11.20"]
[SourceQuality "1"]

1. d4 d5 2. c4 e6 3. Nc3 Bb4 4. a3 Bxc3+ 5. bxc3 h6 6. a4 Ne7 7. Nf3 0-0 8. e3 a6 9. Bd3 Nf5 10. Rb1 Nc6 11. 0-0 dxc4 12. Bxc4 Nh4 13. Ba3 Re8 14. e4 Qf6 15. Nxh4 Qxh4 16. Qf3 Ne7 17. Rfe1 Ng6 18. e5 c6 19. Bd3 Qd8 20. Qg3 Nh4 21. Re4 Nf5 22. Qh3 g6 23. Bc1 h5 24. g4 hxg4 25. Rxg4 Kg7 26. Bg5 Rh8 27. Bf6+ Qxf6 28. exf6+ Kg8 29. Qf3 Nh4 30. Qg3 g5 31. Rxg5+ Kf8 32. Rg7 e5 33. Bc4 Be6 34. Bxe6 fxe6 35. Rf7+ 1-0

[Event "Ille et Vilaine-ch 1112"]
[Site "Ile et Vilaine"]
[Date "2011.10.08"]
[Round "1.1"]
[White "Durand Le Ludec, Brendan Bubok"]
[Black "Mocquard, Yves"]
[Result "1-0"]
[WhiteElo "1598"]
[BlackElo "2030"]
[PlyCount "31"]
[EventDate "2012.10.??"]
[EventType "swiss"]
[EventRounds "7"]
[EventCountry "FRA"]
[SourceTitle "EXT 2014"]
[Source "ChessBase"]
[SourceDate "2013.11.20"]
[SourceVersion "1"]
[SourceVersionDate "2013.11.20"]
[SourceQuality "1"]

1. e4 e5 2. Nf3 Nc6 3. d4 exd4 4. Nxd4 Nf6 5. Nxc6 bxc6 6. e5 Nd5 7. c4 Nb6 8. Bd3 d5 9. Nd2 Bc5 10. 0-0 0-0 11. Nf3 Nxc4 12. Bxh7+ Kxh7 13. Ng5+ Kg6 14. Qd3+ Bf5 15. Qg3 Qe7 16. Ne6+ 1-0